[Event "Oceania zt 3.6 (Women)"]
[Site "Melbourne"]
[Date "2025.01.29"]
[Round "9"]
[White "Ryjanova, Julia"]
[Black "Qiang, Elaina"]
[Result "1-0"]
[WhiteElo "2245"]
[BlackElo "1694"]
[PlyCount "85"]
[EventDate "2025.01.24"]
[EventType "swiss"]
[EventRounds "9"]
[EventCountry "AUS"]
[SourceTitle "CB06_2025"]
[SourceDate "2025.02.05"]
[SourceVersion "1"]
[SourceVersionDate "2025.02.05"]
[SourceQuality "1"]

1. d4 Nf6 2. Nf3 d5 3. c4 e6 4. g3 dxc4 5. Qa4+ c6 6. Qxc4 Qd5 7. Qc2 c5 8. Nc3 Qc6 9. e4 Bd7 10. Ne5 Qc8 11. d5 Bd6 12. Nc4 Qc7 13. dxe6 fxe6 14. Nxd6+ Qxd6 15. Bf4 Qe7 16. Nb5 Bxb5 17. Bxb5+ Nbd7 18. 0-0-0 a6 19. Bd6 Qf7 20. Be2 Qg6 21. f3 Kf7 22. e5 Qxc2+ 23. Kxc2 Nd5 24. Kd2 b5 25. f4 Rac8 26. a4 c4 27. axb5 axb5 28. Ra1 Ra8 29. Bf3 N7b6 30. Rhe1 Rhd8 31. Ra3 c3+ 32. Rxc3 Nc4+ 33. Kc2 Nxc3 34. Bxa8 Rxa8 35. Kxc3 Nxd6 36. exd6 Rd8 37. Rd1 Ke8 38. Kb4 Kd7 39. Ra1 Kc6 40. Ra6+ Kd5 41. Kxb5 Rb8+ 42. Rb6 Rxb6+ 43. Kxb6 1-0